000 00569nam a2200229Ia 4500
003 OSt
005 20220918214745.0
006 a|||||r|||| 00| 0
007 ta
008 220917b |||||||| |||| 00| 0 eng d
024 _a138,871
037 _cTextual
040 _aARTS
_cARTS
_beng
041 _2eng
_aeng
082 _aY1.657.N5, K6
100 _aBirmingham W
_9132462
245 0 _aSome aspects of social structure
260 _c1966
650 _aSOCIOLOGY
942 _hY1.657.N5, K6
_cTEXL
_2CC
999 _c261919
_d261919